[Event "NEP-chB"]
[Site "Bhaktapur"]
[Date "2023.02.04"]
[Round "2"]
[White "Kusatha, Niken"]
[Black "Chokami, Bikram"]
[Result "1-0"]
[WhiteElo "1988"]
[BlackElo "1839"]
[PlyCount "107"]
[EventDate "2023.02.04"]
[EventType "swiss"]
[EventRounds "9"]
[EventCountry "NEP"]
[SourceTitle "EXT 2024"]
[Source "ChessBase"]
[SourceDate "2023.10.10"]
[SourceVersion "1"]
[SourceVersionDate "2023.10.10"]
[SourceQuality "1"]

1. e4 e5 2. Nf3 Nc6 3. Bc4 Bc5 4. c3 d6 5. d4 exd4 6. cxd4 Bb4+ 7. Nc3 Bg4 8. 0-0 Bxf3 9. Qxf3 Qf6 10. Qh5 Nge7 11. Bg5 Qg6 12. Qh4 h6 13. Be3 0-0 14. Be2 Bxc3 15. bxc3 d5 16. f3 Rfe8 17. Rab1 b6 18. Bd3 Qe6 19. Qg3 Rac8 20. Rbe1 Na5 21. Bf4 Ng6 22. exd5 Qxd5 23. Bxg6 fxg6 24. Qxg6 Qf7 25. Qg3 Kh7 26. Be5 c6 27. f4 Nc4 28. f5 Nxe5 29. dxe5 Rcd8 30. Rf2 Rd5 31. h4 c5 32. h5 Qxh5 33. e6 Qg5 34. Qxg5 hxg5 35. Kh2 Rd3 36. Rf3 Rd2 37. a4 Rd5 38. Kg3 c4 39. Kg4 Rd3 40. Kxg5 Kg8 41. Rxd3 cxd3 42. Rd1 Rd8 43. e7 Re8 44. Rxd3 Rxe7 45. Kg6 Rf7 46. Rd8+ Rf8 47. Rxf8+ Kxf8 48. g4 a6 49. c4 a5 50. g5 Kg8 51. f6 gxf6 52. gxf6 Kf8 53. f7 Ke7 54. c5 1-0

[Event "Asia zt 3.2 Online"]
[Site "Tornelo INT"]
[Date "2021.06.07"]
[Round "7"]
[White "Anata, Choudhury"]
[Black "Kusatha, Niken"]
[Result "1-0"]
[WhiteElo "2202"]
[BlackElo "1984"]
[PlyCount "43"]
[EventDate "2021.06.01"]
[EventType "swiss"]
[EventRounds "9"]
[EventCountry "NET"]
[SourceTitle "CBM 202 Extra"]
[Source "ChessBase"]
[SourceDate "2021.07.31"]
[SourceVersion "1"]
[SourceVersionDate "2021.07.31"]
[SourceQuality "1"]

1. e4 e5 2. Nf3 Nf6 3. Nxe5 d6 4. Nf3 Nxe4 5. d4 d5 6. Bd3 Bd6 7. 0-0 0-0 8. c4 c6 9. Nc3 Nxc3 10. bxc3 dxc4 11. Bxc4 b5 12. Bd3 a6 13. Ng5 h6 14. Ne4 Be7 15. Qf3 Be6 16. Ng3 Nd7 17. Nf5 Nf6 18. Re1 Nd5 19. Nxh6+ gxh6 20. Bxh6 Kh8 21. Qh5 Nf6 22. Qh4 1-0

[Event "BAN-chT"]
[Site "Dhaka"]
[Date "2019.12.17"]
[Round "11.4"]
[White "Rahman, Siddiqur"]
[Black "Kusatha, Niken"]
[Result "0-1"]
[WhiteElo "1936"]
[BlackElo "1949"]
[PlyCount "101"]
[EventDate "2019.12.07"]
[EventType "team-tourn"]
[EventRounds "11"]
[EventCountry "BAN"]
[SourceTitle "CBM 194 Extra"]
[Source "ChessBase"]
[SourceDate "2020.03.31"]
[SourceVersion "1"]
[SourceVersionDate "2020.03.31"]
[SourceQuality "1"]
[WhiteTeam "Sonali Bank Sports"]
[BlackTeam "Sultana Kamal Smirity Patahgar"]
[WhiteTeamCountry "BAN"]
[BlackTeamCountry "BAN"]

1. d4 f5 2. e4 fxe4 3. Nc3 Nf6 4. Bg5 g6 5. Bxf6 exf6 6. Nxe4 d5 7. Nc3 Bh6 8. Nf3 Kf7 9. Be2 Nc6 10. b3 Re8 11. 0-0 Kg7 12. a3 Ne7 13. Bd3 Nf5 14. Ne2 c6 15. c4 Nd6 16. Ng3 Ne4 17. Qc2 Bg4 18. Nxe4 Bxf3 19. Ng3 Bg4 20. c5 Qc7 21. b4 Qf4 22. h3 Bd7 23. Rad1 Re7 24. a4 Rae8 25. b5 Qc7 26. Ne2 f5 27. f4 Rxe2 28. Bxe2 Bxf4 29. Bf3 Be3+ 30. Kh1 Qg3 31. Be2 Bf4 32. Rxf4 Qxf4 33. Bf3 Qe3 34. b6 a6 35. Kh2 f4 36. Rd2 Qe1 37. Re2 Qg3+ 38. Kg1 Bf5 39. Qd2 Be4 40. a5 Qg5 41. Rf2 Bxf3 42. Rxf3 Re4 43. Kf2 Qf6 44. Rd3 h5 45. Kf1 g5 46. Qf2 g4 47. hxg4 hxg4 48. Rd1 g3 49. Qf3 Qh4 50. Qxe4 dxe4 51. d5 0-1

[Event "BAN-chT"]
[Site "Dhaka"]
[Date "2019.12.14"]
[Round "8.1"]
[White "Mchedlishvili, Mikheil"]
[Black "Kusatha, Niken"]
[Result "1-0"]
[WhiteElo "2567"]
[BlackElo "1949"]
[PlyCount "89"]
[EventDate "2019.12.07"]
[EventType "team-tourn"]
[EventRounds "11"]
[EventCountry "BAN"]
[SourceTitle "CBM 193 Extra"]
[Source "ChessBase"]
[SourceDate "2020.01.31"]
[SourceVersion "1"]
[SourceVersionDate "2020.01.31"]
[SourceQuality "1"]
[WhiteTeam "Bangladesh Police"]
[BlackTeam "Sultana Kamal Smirity Patahgar"]
[WhiteTeamCountry "BAN"]
[BlackTeamCountry "BAN"]

1. c4 Nf6 2. Nc3 e6 3. d4 d5 4. cxd5 exd5 5. Bg5 Be7 6. e3 0-0 7. Bd3 Re8 8. Nge2 h6 9. Bh4 c6 10. 0-0 Ne4 11. Bxe7 Nxc3 12. bxc3 Qxe7 13. c4 Be6 14. cxd5 Bxd5 15. Qb1 Na6 16. Bxa6 bxa6 17. Nf4 Be4 18. Qc1 g5 19. Ne2 Bd3 20. Qd2 Qa3 21. Rfc1 Rab8 22. Ng3 Rb2 23. Qc3 Qxc3 24. Rxc3 Bc2 25. Rxc6 Reb8 26. h3 R8b6 27. d5 Rxc6 28. dxc6 Rb6 29. c7 Rc6 30. Rc1 Rxc7 31. Nf5 Rc4 32. Nxh6+ Kg7 33. Ng4 Bb3 34. Rxc4 Bxc4 35. a3 f6 36. f4 Be6 37. Kf2 Bd5 38. Kg3 Kg6 39. Nf2 gxf4+ 40. exf4 a5 41. Ng4 a4 42. Ne3 Be4 43. Kh4 Kf7 44. f5 Ke7 45. g4 1-0

[Event "Budha Bhandari Memorial"]
[Site "Budhanilkantha"]
[Date "2019.11.12"]
[Round "5"]
[White "Thapa, Krishna"]
[Black "Kusatha, Niken"]
[Result "1-0"]
[WhiteElo "1916"]
[BlackElo "1865"]
[PlyCount "73"]
[EventDate "2019.11.09"]
[EventType "swiss"]
[EventRounds "9"]
[EventCountry "NEP"]
[SourceTitle "CBM 193 Extra"]
[Source "ChessBase"]
[SourceDate "2020.01.31"]
[SourceVersion "1"]
[SourceVersionDate "2020.01.31"]
[SourceQuality "1"]

1. d4 Nf6 2. Nf3 e6 3. g3 a6 4. Bg2 Be7 5. c4 b5 6. Ne5 c6 7. c5 Bb7 8. 0-0 d6 9. cxd6 Bxd6 10. Nd3 Nbd7 11. e4 Be7 12. e5 Nd5 13. Qg4 g6 14. Bh6 Bf8 15. Bxf8 Kxf8 16. Nd2 h5 17. Qf3 Ne7 18. Nf4 Nf5 19. Qc3 Qb6 20. Nb3 a5 21. Rfd1 a4 22. Nc5 Nxc5 23. dxc5 Qc7 24. Be4 Ne7 25. Rd6 Nd5 26. Bxd5 cxd5 27. Rxe6 g5 28. Ng6+ Kg7 29. Re7 Qc6 30. Rxb7 d4 31. Qd3 Qxb7 32. Nxh8 Rxh8 33. Qxd4 Qe7 34. e6+ Kh7 35. exf7 Qxf7 36. Qd3+ Kh6 37. Qd6+ 1-0